Vybrané časti stavebno-technologickej prípravy na stavbu "Bytový dom Jesenský Vŕšok, Banská Bystrica."

Saved in:
Bibliographic Details
Main Author: Bacmaňák, Juraj (Author)
Other Authors: Ellingerová, Helena (Thesis advisor)
Format: Manuscript Book
Language:Slovak
Published: 2019
Subjects:
Online Access:http://is.stuba.sk/zp/portal_zp.pl?podrobnosti=144894
https://opac.crzp.sk/?fn=detailBiblioForm&sid=9F8942B94996237AA2F515F666DC
Tags: Add Tag
No Tags, Be the first to tag this record!

MARC

LEADER 00000ntm a22000003a 4500
001 stuzp74059
003 SK-STU
005 20230525140354.4
007 ta
008 150427s2015----xo-----f-mn---000-0-slo-d
040 |a STU  |b slo 
041 0 |a slo 
100 1 |a Bacmaňák, Juraj  |u 010270  |k Z4  |4 aut  |U SvF Stavebná fakulta  |T SvF Katedra technológie stavieb  |X 75557  |U V270  |Y 28  |7 75557 
242 0 1 |a Selected parts of building and technological preparation for the given building "Apartment house Jesenský Vŕšok, Banská Bystrica."  |y eng 
245 1 0 |a Vybrané časti stavebno-technologickej prípravy na stavbu "Bytový dom Jesenský Vŕšok, Banská Bystrica." 
260 |c 2019 
650 4 |a zariadenie staveniska  |2 slo 
650 4 |a časový harmonogram  |2 slo 
650 4 |a deliace priečky  |2 slo 
650 4 |a construction site equipment  |2 eng 
650 4 |a time schedule  |2 eng 
650 4 |a dividing partitions  |2 eng 
700 1 |a Ellingerová, Helena  |u 010270  |k Z1  |4 ths  |U SvF Stavebná fakulta  |T SvF Katedra technológie stavieb  |X 925  |U V270  |Y 28  |7 A000000925 
856 4 |u http://is.stuba.sk/zp/portal_zp.pl?podrobnosti=144894 
856 4 |u https://opac.crzp.sk/?fn=detailBiblioForm&sid=9F8942B94996237AA2F515F666DC